Исследования в области химии и технологии продуктов переработки горючих ископаемых: межвузовский сборник научных трудов

Podrobná bibliografie
Korporativní autor: Ленинградский технологический институт им. Ленсовета (ЛТИ)
Další autoři: Чистяков А. Н. (редактор)
Shrnutí:К 100-летию со дня рождения А. Ф. Добрянского.
Jazyk:ruština
Vydáno: Ленинград, ЛТИ, 1989
Témata:
Médium: Kniha
KOHA link:https://koha.lib.tpu.ru/cgi-bin/koha/opac-detail.pl?biblionumber=373861

MARC

LEADER 00000nam0a2200000 4500
001 373861
005 20231102012613.0
020 |a RU  |b 89-72063 
035 |a (RuTPU)RU\TPU\retro\31292 
035 |a RU\TPU\book\225297 
090 |a 373861 
100 |a 20221216d1989 k y0rusy5003 ca 
101 0 |a rus 
102 |a RU 
105 |a y z 011zy 
200 1 |a Исследования в области химии и технологии продуктов переработки горючих ископаемых  |e межвузовский сборник научных трудов  |f Ленинградский технологический институт им. Ленсовета (ЛТИ) ; под ред. А. Н. Чистякова 
210 |a Ленинград  |c ЛТИ  |d 1989 
215 |a 184 с.  |c ил.  |d 20 см 
300 |a К 100-летию со дня рождения А. Ф. Добрянского. 
320 |a Библиогр. в конце статей 
600 1 |a Добрянский  |b А. Ф.  |c химик-органик  |f 1889-1965  |g Александр Флавианович  |2 stltpush  |3 (RuTPU)RU\TPU\pers\23899  |9 10543 
610 1 |a горючие ископаемые 
610 1 |a продукты переработки 
610 1 |a химия 
610 1 |a исследования 
610 1 |a технология 
610 1 |a уголь 
610 1 |a переработка 
610 1 |a сланцы 
675 |a 662.7  |z rus  |v 3 
675 |a 665.65  |z rus  |v 3 
702 1 |a Чистяков  |b А. Н.  |4 340 
712 0 2 |a Ленинградский технологический институт им. Ленсовета (ЛТИ)  |2 stltpush  |3 (RuTPU)RU\TPU\col\1462 
801 0 |a RU  |b RuMRKP  |c 19950417  |g psbo 
801 1 |a RU  |b 63413507  |c 20120114 
801 2 |a RU  |b 63413507  |c 20221216  |g RCR 
942 |c BK